| 000 | 01270cam a2200337 i 4500 | ||
|---|---|---|---|
| 999 |
_c331587 _d331587 |
||
| 001 | 18111798 | ||
| 003 | NUST | ||
| 005 | 20171004155145.0 | ||
| 008 | 140411s2014 pk b 001 0 eng | ||
| 010 | _a 2014323549 | ||
| 020 | _a9789699982002 | ||
| 040 |
_aDLC _beng _cDLC _erda |
||
| 042 |
_alcode _apcc |
||
| 043 | _aaz----- | ||
| 050 | 0 | 0 |
_aU162.6 _b.Y35 2014 |
| 082 |
_a355.033554 _bYAM |
||
| 100 | 1 |
_aYamin, Tughral. _91533 |
|
| 245 | 1 | 4 |
_aThe evolution of nuclear deterrence in South Asia / _cTughral Yamin. |
| 246 | 3 | _aNuclear deterrence in South Asia | |
| 264 | 3 |
_aIslamabad : _bThe Army Press, _c2014 |
|
| 300 |
_avii, 272 pages ; _c22 cm |
||
| 336 |
_atext _2rdacontent |
||
| 337 |
_aunmediated _2rdamedia |
||
| 338 |
_avolume _2rdacarrier |
||
| 500 | _aBased on the author's PhD dissertation, Quaid-i Azam University, Department of Defence & Strategic Studies. | ||
| 504 | _aIncludes bibliographical references (pages 231-264 and index. | ||
| 650 | 0 |
_aNuclear warfare _zSouth Asia _xHistory. _95256 |
|
| 650 | 0 |
_aDeterrence (Strategy) _xHistory. _95257 |
|
| 650 | 0 |
_aMilitary policy _zSouth Asia _xHistory. _95258 |
|
| 906 |
_a7 _bcbc _corignew _d3 _encip _f20 _gy-gencatlg |
||
| 942 |
_2ddc _cBK |
||